000 01224nam a22003497a 4500
001 0074
003 DO-SdBPM
005 20260219104018.0
007 ta
008 151006b2007 ag | |||| 00| 0 spa d
020 _a9789508085337
040 _aDO-SdBPM
_bspa
_cBPMSU
_erda
082 4 _a370.98
_bG338d 2007
_222
100 1 _aGentili, Pablo
_d1963-
_eautor
_4aut.
245 1 0 _aDesencanto y utopía :
_bla educación en el laberinto de los nuevos tiempos /
_cPablo Gentili.
260 _c
264 _aSanta Fe, Argentina :
_bHomo Sapiens Ediciones,
_c2007
300 _a110 páginas :
_b fotografías ;
_c 23 cm
336 _atexto
_btxt
_2rdacontent
337 _asin mediación
_bn
_2rdamedia
338 _avolumen
_bnc
_2rdacarrier
490 0 _aEducación
500 _a
504 _aBibliografías (páginas 101-102)
534 _pTítulo original :
_t The unscholed mind. How children think and how schools should teach.
590 _aInventariado, 2026/VM
650 7 _aEducación
_zAmérica Latina.
650 7 _aPolítica educativa
_zAmérica Latina.
650 7 _aSociología de la educación
_zAmérica Latina.
910 _aVMateo V. Control de calidad. BPMSU
942 _2ddc
_cBK
999 _c15718
_d15718